[Event "Nevinnomyssk Rating 5th"]
[Site "Nevinnomyssk"]
[Date "2010.09.??"]
[Round "1"]
[White "Vasiliev, Sangadzhi Gorja"]
[Black "Ermilov, Valery"]
[Result "0-1"]
[WhiteElo "2150"]
[BlackElo "2313"]
[PlyCount "86"]
[EventDate "2010.09.29"]
[EventType "swiss"]
[EventRounds "9"]
[EventCountry "RUS"]
[SourceTitle "EXT 2013"]
[Source "ChessBase"]
[SourceDate "2012.11.22"]
[SourceVersion "1"]
[SourceVersionDate "2012.11.22"]
[SourceQuality "1"]

1. e4 e6 2. d4 d5 3. Nc3 Bb4 4. e5 b6 5. a3 Be7 6. Bb5+ c6 7. Ba4 Ba6 8. Nf3 h5 9. Ne2 Bb5 10. Bb3 Bc4 11. Bxc4 dxc4 12. 0-0 b5 13. c3 a6 14. Nf4 Nd7 15. Qe2 Nb6 16. Nd2 Nd5 17. Ne4 Nxf4 18. Bxf4 Qd5 19. a4 h4 20. axb5 c5 21. Rxa6 cxd4 22. Rxa8+ Qxa8 23. cxd4 Nh6 24. Bxh6 Rxh6 25. Rc1 h3 26. Rxc4 Rg6 27. g3 f5 28. exf6 gxf6 29. f3 Kf7 30. Rc6 Qa1+ 31. Kf2 Qa4 32. Nc5 Qxd4+ 33. Qe3 Qxb2+ 34. Ke1 e5 35. Qb3+ Qxb3 36. Nxb3 Rxg3 37. b6 Rxf3 38. Nd2 Re3+ 39. Kf2 Rd3 40. Ke2 Rd8 41. Rc7 Rb8 42. b7 Ke6 43. Ne4 f5 0-1

[Event "Nevinnomyssk Rating 5th"]
[Site "Nevinnomyssk"]
[Date "2010.09.??"]
[Round "7"]
[White "Vasiliev, Sangadzhi Gorja"]
[Black "Suprunenko, Yury"]
[Result "1-0"]
[WhiteElo "2150"]
[BlackElo "2168"]
[PlyCount "102"]
[EventDate "2010.09.29"]
[EventType "swiss"]
[EventRounds "9"]
[EventCountry "RUS"]
[SourceTitle "EXT 2013"]
[Source "ChessBase"]
[SourceDate "2012.11.22"]
[SourceVersion "1"]
[SourceVersionDate "2012.11.22"]
[SourceQuality "1"]

1. e4 e6 2. d4 d5 3. exd5 exd5 4. Nc3 c6 5. Bf4 Bf5 6. Qd2 Nd7 7. 0-0-0 Be7 8. f3 Nf8 9. g4 Be6 10. h4 Bxh4 11. g5 Ng6 12. Be3 h6 13. gxh6 Nxh6 14. Bd3 Nf5 15. Nge2 Qe7 16. Nf4 Nxf4 17. Bxf4 0-0-0 18. Nb5 a6 19. Na7+ Kd7 20. Qa5 Nd6 21. Qb6 Rb8 22. Bxa6 Bg5 23. Bxg5 Qxg5+ 24. Kb1 Rxh1 25. Rxh1 Qd8 26. Qc5 bxa6 27. Qxc6+ Ke7 28. Qxa6 Rb6 29. Nc6+ Rxc6 30. Qxc6 Nf5 31. c3 Qd7 32. Qxd7+ Kxd7 33. a4 Nd6 34. b3 Nc4 35. bxc4 dxc4 36. Kb2 Bd5 37. Rh3 g5 38. a5 f6 39. Ka3 Ke6 40. Kb4 Kf5 41. Kc5 Kf4 42. a6 Bxf3 43. d5 g4 44. Rh8 g3 45. Rf8 g2 46. Rxf6+ Kg3 47. Rg6+ Bg4 48. Rxg4+ Kxg4 49. d6 g1Q+ 50. Kxc4 Qa7 51. Kb5 Qb8+ 1-0

[Event "Komsomolsky Rating"]
[Site "Komsomolsky"]
[Date "2009.05.??"]
[Round "2"]
[White "Doglaev, Arslang"]
[Black "Vasiliev, Sangadzhi Gorja"]
[Result "0-1"]
[WhiteElo "2098"]
[BlackElo "2146"]
[PlyCount "86"]
[EventDate "2009.05.15"]
[EventType "tourn"]
[EventRounds "10"]
[EventCountry "RUS"]
[SourceTitle "EXT 2022"]
[Source "ChessBase"]
[SourceDate "2021.10.06"]
[SourceVersion "1"]
[SourceVersionDate "2021.10.06"]
[SourceQuality "1"]

1. e4 e5 2. Nf3 Nc6 3. Bc4 Nf6 4. Nc3 Bc5 5. 0-0 d6 6. h3 Na5 7. Be2 a6 8. a3 Nc6 9. d3 h6 10. Be3 Nd4 11. Bxd4 exd4 12. Na4 Ba7 13. b4 0-0 14. Nb2 Be6 15. Nh2 d5 16. e5 Nh7 17. f4 Qd7 18. Bg4 f5 19. Bh5 a5 20. Rf3 Qe7 21. bxa5 c5 22. Na4 Bb8 23. Qe1 Ra6 24. Nb6 Bc7 25. Rb1 Bxb6 26. Rxb6 Rxb6 27. axb6 Ra8 28. g4 Rxa3 29. Bg6 Qd7 30. gxf5 Bxf5 31. Bxf5 Qxf5 32. e6 Ra8 33. e7 Kf7 34. Ng4 Ke8 35. Rf2 h5 36. Ne5 Kxe7 37. Ng6+ Kf7 38. Qe7+ Kg8 39. Rg2 Qxh3 40. Kf2 Nf6 41. Rg3 Ng4+ 42. Rxg4 hxg4 43. Qe6+ Kh7 0-1

[Event "Nevinnomyssk 2B"]
[Site "Nevinnomyssk"]
[Date "2009.02.22"]
[Round "2"]
[White "Khudinov, Mergen"]
[Black "Vasiliev, Sangadzhi Gorja"]
[Result "1/2-1/2"]
[WhiteElo "2061"]
[BlackElo "2156"]
[PlyCount "37"]
[EventDate "2009.02.21"]
[EventType "tourn"]
[EventRounds "10"]
[EventCountry "RUS"]
[SourceTitle "EXT 2022"]
[Source "ChessBase"]
[SourceDate "2021.10.06"]
[SourceVersion "1"]
[SourceVersionDate "2021.10.06"]
[SourceQuality "1"]

1. d4 d5 2. c4 c6 3. Nc3 Nf6 4. Nf3 Bf5 5. e3 e6 6. cxd5 cxd5 7. Qb3 Qb6 8. Qxb6 axb6 9. Bb5+ Nfd7 10. Ne5 Bd6 11. Nxd7 Nxd7 12. Bd2 Ra5 13. Rc1 Ke7 14. b4 Ra3 15. Na4 Rxa2 16. Bxd7 Kxd7 17. Nxb6+ Ke7 18. Nc8+ Kd7 19. Nb6+ 1/2-1/2

[Event "Lagan Grey Kaspian Sea"]
[Site "Lagan"]
[Date "2008.08.02"]
[Round "4"]
[White "Vasiliev, Sangadzhi Gorja"]
[Black "Petukhov, Vladimir"]
[Result "0-1"]
[WhiteElo "2164"]
[BlackElo "1725"]
[PlyCount "96"]
[EventDate "2008.08.02"]
[EventType "swiss"]
[EventRounds "6"]
[EventCountry "RUS"]
[SourceTitle "EXT 2022"]
[Source "ChessBase"]
[SourceDate "2021.10.06"]
[SourceVersion "1"]
[SourceVersionDate "2021.10.06"]
[SourceQuality "1"]

1. e4 c5 2. c3 g6 3. d4 cxd4 4. cxd4 Bg7 5. Bc4 e6 6. e5 a6 7. Nc3 b5 8. Bd3 Bb7 9. Ne4 Bxe4 10. Bxe4 Nc6 11. Nf3 Rc8 12. 0-0 Nge7 13. Bg5 d5 14. Bd3 0-0 15. Qd2 Qb6 16. Rac1 f6 17. exf6 Bxf6 18. Bxf6 Rxf6 19. Qg5 Rcf8 20. Qh6 R8f7 21. Ng5 Rg7 22. Qh4 Qxd4 23. Qxd4 Nxd4 24. Rfe1 h6 25. Nh3 Nec6 26. f3 Re7 27. Nf2 h5 28. a4 e5 29. axb5 axb5 30. Rc5 Nb4 31. Bxb5 Rb6 32. Ba4 Kf7 33. Rd1 Ke6 34. Rd2 Kf5 35. Nd1 Ke6 36. f4 Ndc6 37. fxe5 Kxe5 38. Bxc6 Rxc6 39. Rb5 Rc4 40. Ne3 Rd4 41. Re2 Kd6 42. Rb6+ Kc5 43. Rxg6 Rde4 44. Rg3 h4 45. Rf3 d4 46. Rf5+ Kc6 47. Rc2+ Nxc2 48. Nxc2 d3 0-1